Logo BPK

Biblioteka

Politechniki Koszalińskiej

Przegląd zastosowań UKD w zautomatyzowanych systemach informacji / (Rekord nr 25671)

Szczegóły MARC
000 -ETYKIETA REKORDU
podpole kontrolne o stałej długości 02408nam a2200577 i 4500
001 - NUMER KONTROLNY REKORDU
pole kontrolne 25671
003 - IDENTYFIKATOR NUMERU KONTROLNEGO REKORDU
podpole kontrolne KOSZ 005
005 - DATA OSTATNIEJ MODYFIKACJI REKORDU
podpole kontrolne 20200708085513.0
008 - POLE O STAŁEJ DŁUGOŚCI - DANE KONTROLNE
podpole kontrolne o stałej długości 200426s1973 pl a f 000 0 pol
015 ## - NUMER BIBLIOGRAFII NARODOWEJ
Numer bibliografii narodowej UWD 1973/9182
035 ## - NUMER SYSTEMOWY
Numer systemowy przejętego rekordu 991034310599705066
035 ## - NUMER SYSTEMOWY
Numer systemowy przejętego rekordu (PL-WaBN)b19178062-48omnis_nlop
035 ## - NUMER SYSTEMOWY
Numer systemowy przejętego rekordu b19178062
035 ## - NUMER SYSTEMOWY
Numer systemowy przejętego rekordu (OCoLC)750688387
035 ## - NUMER SYSTEMOWY
Numer systemowy przejętego rekordu (PL)b0000001917806
035 ## - NUMER SYSTEMOWY
Numer systemowy przejętego rekordu (EXLNZ-48OMNIS_NETWORK)9910082614305606
040 ## - ŹRÓDŁO KATALOGOWANIA
Instytucja, która sporządziła opis WA N
Instytucja, która utworzyła rekord WA N
Instytucja, która dokonała modyfikacji KOSZ 005/RW
041 0# - KOD JĘZYKA
Kod języka tekstu pol
Kod języka streszczenia lub abstraktu eng
-- fre
-- rus
046 ## - DATY KODOWANE
Pojedyncza data lub początek okresu powstania dzieła lub zbioru dzieł 1973
080 ## - UNIWERSALNA KLASYFIKACJA DZIESIĘTNA - UKD
UKD 025.45
080 ## - UNIWERSALNA KLASYFIKACJA DZIESIĘTNA - UKD
UKD 004.4-049.8
100 1# - NAZWA OSOBOWA
Nazwa osobowa Ścibor, Eugeniusz
Daty związane z nazwą (1929-2003)
Określenie rodzaju współpracy Autor
245 10 - TYTUŁ/ODPOWIEDZIALNOŚĆ
Tytuł Przegląd zastosowań UKD w zautomatyzowanych systemach informacji /
Pozostałe elementy strefy tytułu i oznaczenia odpowiedzialności Eugeniusz Ścibor ; [recenzenci : dr Anna Sitarska, mgr Wanda Kaczyńska, mgr inż. Łucja Rzęcka].
246 3# - WARIANT TYTUŁU
Tytuł Przegląd zastosowań Uniwersalnej Klasyfikacji Dziesiętnej w zautomatyzowanych systemach informacji
260 ## - STREFA ADRESU WYDAWNICZEGO
Miejsce wydania Warszawa :
Nazwa wydawcy/dystrybutora Instytut Informacji Naukowej, Technicznej i Ekonomicznej,
Data publikacji, dystrybucji/powstania dokumentu 1973.
300 ## - STREFA OPISU FIZYCZNEGO
Objętość 120 stron :
Inne cechy fizyczne ilustracje, errata ;
Rozmiary 24 cm.
336 ## - TYP ZAWARTOŚCI
Termin opisujący typ zawartości Tekst
Kod określający zawartość txt
Źródło (terminu i kodu) rdacontent
337 ## - TYP MEDIÓW
Tryb odtwarzania Bez urządzenia pośredniczącego
Kod typu mediów n
Źródło (terminu i kodu) rdamedia
338 ## - TYP/RODZAJ NOŚNIKA
Hasło opisujące typ nośnika Wolumin
Kod typu nośnika nc
Źródło (terminu i kodu) rdacarrier
380 ## - FORMA I TYP PUBLIKACJI
Forma i typ publikacji Książki
380 ## - FORMA I TYP PUBLIKACJI
Forma i typ publikacji Publikacje fachowe
388 ## - CZAS POWSTANIA
Czas powstania 1901-2000
388 ## - CZAS POWSTANIA
Czas powstania 1945-1989
490 1# - STREFA SERII I DOKUMENTU WIELOCZĘŚCIOWEGO - FORMA NIE DO WYSZUKIWANIA
Tytuł i oznaczenie odpowiedzialności serii Prace, Studia, Przyczynki / Instytut Informacji Naukowej, Technicznej i Ekonomicznej ;
Numeracja w obrębie serii 5(58)
500 ## - UWAGI OGÓLNE
Tekst uwagi Wydano: 1972 r.
504 ## - UWAGA DOTYCZĄCA BIBLIOGRAFII
Informacje o bibliografii Bibliografia na stronach 119-120.
546 ## - UWAGA O JĘZYKU
Uwaga o języku Streszczenie w języku angielskim, francuskim, rosyjskim.
650 #7 - HASŁO PRZEDMIOTOWE W FORMIE NAZWY OGÓLNEJ LUB JEDNOSTKOWEJ
Nazwa ogólna lub geograficzna Katalog systematyczny
Źródło hasła lub terminu DBN
650 #7 - HASŁO PRZEDMIOTOWE W FORMIE NAZWY OGÓLNEJ LUB JEDNOSTKOWEJ
Nazwa ogólna lub geograficzna Komputeryzacja
650 #7 - HASŁO PRZEDMIOTOWE W FORMIE NAZWY OGÓLNEJ LUB JEDNOSTKOWEJ
Nazwa ogólna lub geograficzna Uniwersalna Klasyfikacja Dziesiętna
Źródło hasła lub terminu DBN
655 #7 - TERMIN INDEKSOWY - OKREŚLENIE RODZAJU/FORMY DOKUMENTU
Określenie rodzaju/formy dokumentu Opracowanie
658 ## - TERMIN INDEKSOWY - PRZEDMIOT PROGRAMU NAUCZANIA
Główny przedmiot programu nauczania Bibliotekarstwo, archiwistyka, muzealnictwo
700 1# - HASŁO DODATKOWE - NAZWA OSOBOWA
Nazwa osobowa Sitarska, Anna
Daty związane z nazwą (1938- )
Określenie związku między hasłem a opisywanym materiałem Recenzja
700 1# - HASŁO DODATKOWE - NAZWA OSOBOWA
Nazwa osobowa Kaczyńska, Wanda
Określenie związku między hasłem a opisywanym materiałem Recenzja
700 1# - HASŁO DODATKOWE - NAZWA OSOBOWA
Nazwa osobowa Rzęcka, Łucja
Określenie związku między hasłem a opisywanym materiałem Recenzja
710 2# - HASŁO DODATKOWE - NAZWA CIAŁA ZBIOROWEGO
Nazwa ciała zbiorowego lub jednostki geograficznej Instytut Informacji Naukowej, Technicznej i Ekonomicznej
Kod określenia powiązania pbl
830 #0 - HASŁO DODATKOWE SERII LUB DOKUMENTU WIELOCZĘŚCIOWEGO - TYTUŁ UJEDNOLICONY
Tytuł ujednolicony Prace, Studia, Przyczynki - Centralny Instytut Informacji Naukowo-Technicznej i Ekonomicznej
Oznaczenie tomu 5(58)
856 ## - LOKALIZACJA I DOSTĘP DO ELEKTRONICZNYCH DOKUMENTÓW ZDALNYCH
Link (URL) http://koha.tu.koszalin.pl/cgi-bin/koha/opac-detail.pl?biblionumber=25671
Tekst linku Katalog online BPK
942 ## - DODATKOWE ELEMENTY (KOHA)
Schemat klasyfikacji Uniwersalna Klasyfikacja Dziesiętna
Typ dokumentu Książka
Egzemplarze
Wycofany Status egzemplarza Uszkodzony Dostępność Kolekcja Lokalizacja stała Lokalizacja bieżąca Miejsce przechowywania Sygnatura Kod kreskowy Typ dokumentu
      Dostępny Bibliotekarstwo Biblioteka Politechniki Koszalińskiej Biblioteka Politechniki Koszalińskiej Wypożyczalnia BG 16586 02189147 Książka
© 2023 Biblioteka Politechniki Koszalińskiej :: KOHA